000
00276nam a2200097Ia 4500
001
720204
005
20250826163227.0
008
250824s9999 xx 000 0 und d
245
0
_a
TURGUTOĞULLARI KONYA DAKİ ESERLERİ VE KADINHANI
_c
BEKİR ŞAHİN
260
_b
ÇİZGİ YAYINLARI
999
_c
720204
_d
720204